Library Logo

Pioneer International University Library Catalogue

Taaluma ya fonetiki-matamshi / (Record no. 3239)

MARC details
000 -LEADER
fixed length control field 00466cam a22001697i 4500
005 - DATE AND TIME OF LATEST TRANSACTION
control field 20250901165407.0
008 - FIXED-LENGTH DATA ELEMENTS--GENERAL INFORMATION
fixed length control field 120927s2012 tz b 000 0 swa
010 ## - LIBRARY OF CONGRESS CONTROL NUMBER
LC control number 2012314461
020 ## - INTERNATIONAL STANDARD BOOK NUMBER
International Standard Book Number 9789987531325
020 ## - INTERNATIONAL STANDARD BOOK NUMBER
International Standard Book Number 9987531288
050 00 - LIBRARY OF CONGRESS CALL NUMBER
Classification number MLCS 2013/42819 (P) .K56 2012
100 1# - MAIN ENTRY--PERSONAL NAME
Personal name Kindija, Kulwa A.
245 10 - TITLE STATEMENT
Title Taaluma ya fonetiki-matamshi /
Statement of responsibility, etc. Kulwa A. Kindija.
300 ## - PHYSICAL DESCRIPTION
Extent xvii, 323 pages;
Dimensions 21 cm
500 ## - GENERAL NOTE
General note On acoustic phonetics.
942 ## - ADDED ENTRY ELEMENTS (KOHA)
Source of classification or shelving scheme Dewey Decimal Classification
Holdings
Withdrawn status Lost status Source of classification or shelving scheme Damaged status Not for loan Home library Current library Shelving location Date acquired Total checkouts Full call number Barcode Date last seen Date last checked out Price effective from Koha item type
    Library of Congress Classification     Main Library Main Library   03/22/2021 2 MLCS2013.K56 2012 PIU0170443 04/18/2023 03/10/2023 03/22/2021 Books